[Event "XVI. DBMM Schach"]
[Site "Dresden"]
[Date "2016.11.03"]
[Round "2.4"]
[White "Grandt, Bernd"]
[Black "Dreisbach, Kai"]
[Result "1/2-1/2"]
[WhiteElo "2033"]
[BlackElo "1500"]
[Annotator "br"]
[PlyCount "111"]
[EventDate "2016.11.??"]
[SourceTitle "XVI. DBMM 2016"]
[Source "FV Schach e.V."]
[SourceDate "2017.06.14"]
[SourceVersion "1"]
[SourceVersionDate "2017.06.14"]
[SourceQuality "1"]
[WhiteTeam "SG Stern Ludwigsfelde"]
[BlackTeam "Sparkassen-Versicherung Stuttgart II"]
[WhiteTeamCountry "GER"]
[BlackTeamCountry "GER"]

1. d4 d5 2. Nf3 Nf6 3. c4 Nc6 4. Nc3 e6 5. Bg5 Bb4 6. e3 h6 7. Bh4 Bd7 8. Bd3
Na5 9. cxd5 exd5 10. Rc1 O-O 11. O-O Bxc3 12. Rxc3 c6 13. b4 Nc4 14. Bxc4 dxc4
15. Rxc4 Be6 16. Rc2 a5 17. Rb2 axb4 18. Rxb4 Bxa2 19. Rxb7 Qc8 20. Rb2 Ne4 21.
Nd2 Nc3 22. Qc2 Ne2+ 23. Kh1 Bd5 24. f3 Ra3 25. Re1 Rxe3 26. Qc5 Rfe8 27. Bf2
Ng3+ 28. hxg3 Rxe1+ 29. Bxe1 Rxe1+ 30. Kh2 Qf5 31. g4 Qf4+ 32. g3 Re2+ 33. Kh3
Qe3 34. Qc2 g6 35. Nf1 Rxc2 36. Rb8+ Kg7 37. Nxe3 Rd2 38. Nxd5 cxd5 39. Rb4 Rd3
40. Kg2 g5 41. Kf2 Rd2+ 42. Ke3 Rg2 43. Rb5 Rxg3 44. Kf2 Rh3 45. Kg2 Rh4 46.
Rxd5 Kf6 47. Rf5+ Ke6 48. Ra5 Kd6 49. Re5 f6 50. Ra5 h5 51. Ra6+ Kd5 52. Rxf6
hxg4 53. Rf5+ Kxd4 54. Rxg5 gxf3+ 55. Kxf3 Rh8 56. Rf5 1/2-1/2

[Event "XVI. DBMM Schach"]
[Site "Dresden"]
[Date "2016.11.03"]
[Round "2.1"]
[White "Bangert, Udo"]
[Black "Mielke, Sven"]
[Result "1-0"]
[WhiteElo "1905"]
[BlackElo "2115"]
[Annotator "sm"]
[PlyCount "47"]
[EventDate "2016.11.??"]
[SourceTitle "XVI. DBMM 2016"]
[Source "FV Schach e.V."]
[SourceDate "2017.06.14"]
[SourceVersion "1"]
[SourceVersionDate "2017.06.14"]
[SourceQuality "1"]
[WhiteTeam "SG Stern Stuttgart"]
[BlackTeam "SV Osram Berlin II"]
[WhiteTeamCountry "GER"]
[BlackTeamCountry "GER"]

1. e4 c5 2. Nf3 Nc6 3. d4 cxd4 4. Nxd4 d6 5. Nc3 Nf6 6. Be2 e6 7. g4 a6 8. g5
Nd7 9. f4 Nxd4 10. Qxd4 Qb6 11. Qxb6 Nxb6 12. Be3 Nd7 13. O-O-O b5 14. a3 Bb7
15. Rhe1 Rc8 16. f5 Rxc3 17. bxc3 Bxe4 18. fxe6 fxe6 19. Bd3 Bxd3 20. cxd3 g6
21. Bf4 e5 22. d4 Bg7 23. dxe5 Bxe5 24. Rxd6 1-0

[Event "XVI. DBMM Schach"]
[Site "Dresden"]
[Date "2016.11.03"]
[Round "2.3"]
[White "Molzan, Andreas"]
[Black "Mueller, Gerd"]
[Result "0-1"]
[WhiteElo "1255"]
[BlackElo "1837"]
[Annotator "br"]
[PlyCount "30"]
[EventDate "2016.11.??"]
[SourceTitle "XVI. DBMM 2016"]
[Source "FV Schach e.V."]
[SourceDate "2017.06.14"]
[SourceVersion "1"]
[SourceVersionDate "2017.06.14"]
[SourceQuality "1"]
[WhiteTeam "SG Stern Stuttgart"]
[BlackTeam "SV Osram Berlin II"]
[WhiteTeamCountry "GER"]
[BlackTeamCountry "GER"]

1. e4 c5 2. Nf3 d6 3. d4 cxd4 4. Nxd4 Nf6 5. Nc3 a6 6. Bg5 e6 7. Qd2 h6 8. Be3
Qc7 9. Bd3 Be7 10. f4 Nbd7 11. O-O-O b5 12. a3 Bb7 13. h4 Nc5 14. Nf3 Nfxe4 15.
Nxe4 Nb3+ 0-1

[Event "XVI. DBMM Schach"]
[Site "Dresden"]
[Date "2016.11.03"]
[Round "2.4"]
[White "Hildebrand, Gerald"]
[Black "Salomon, Hendrik"]
[Result "1-0"]
[WhiteElo "2180"]
[BlackElo "1200"]
[Annotator "br"]
[PlyCount "57"]
[EventDate "2016.11.??"]
[SourceTitle "XVI. DBMM 2016"]
[Source "FV Schach e.V."]
[SourceDate "2017.06.14"]
[SourceVersion "1"]
[SourceVersionDate "2017.06.14"]
[SourceQuality "1"]
[WhiteTeam "SV Osram Berlin II"]
[BlackTeam "SG Stern Stuttgart"]
[WhiteTeamCountry "GER"]
[BlackTeamCountry "GER"]

1. d4 d5 2. c4 Nf6 3. cxd5 c6 4. dxc6 Nxc6 5. Nf3 e6 6. Nc3 Bb4 7. Bg5 O-O 8.
e3 Re8 9. Bd3 Qa5 10. Qc2 Be7 11. Bxf6 Bxf6 12. Bxh7+ Kh8 13. Be4 Nb4 14. Qd2
Qa6 15. a3 Bd7 16. Rc1 Nc6 17. Bd3 Qb6 18. O-O Na5 19. Qe2 a6 20. Ne4 e5 21.
Nxf6 gxf6 22. dxe5 fxe5 23. Ng5 Qf6 24. Qh5+ Kg8 25. Qh7+ Kf8 26. Qh5 Ke7 27.
Nh7 Qd6 28. Rfd1 Ba4 29. Bc2 1-0

[Event "XVI. DBMM Schach"]
[Site "Dresden"]
[Date "2016.11.03"]
[Round "2.1"]
[White "Warnest, Stefan"]
[Black "Choinowski, Gustav"]
[Result "1/2-1/2"]
[WhiteElo "1467"]
[BlackElo "2088"]
[Annotator "br"]
[PlyCount "67"]
[EventDate "2016.11.??"]
[SourceTitle "XVI. DBMM 2016"]
[Source "FV Schach e.V."]
[SourceDate "2017.06.14"]
[SourceVersion "1"]
[SourceVersionDate "2017.06.14"]
[SourceQuality "1"]
[WhiteTeam "BA Tempelhof Berlin III"]
[BlackTeam "RAPID Unilever Hamburg"]
[WhiteTeamCountry "GER"]
[BlackTeamCountry "GER"]

1. e4 c5 2. Nf3 d6 3. d4 cxd4 4. Nxd4 Nf6 5. Nc3 a6 6. Bg5 e6 7. Qd2 Nbd7 8. f4
Qc7 9. O-O-O Be7 10. Be2 b5 11. f5 e5 12. Nb3 Bb7 13. Bf3 b4 14. Nd5 Bxd5 15.
Bxf6 Nxf6 16. exd5 a5 17. g4 Rc8 18. g5 Nd7 19. h4 a4 20. Na1 Qb6 21. Rhe1 Rc4
22. Re4 Rxe4 23. Bxe4 h6 24. Kb1 hxg5 25. hxg5 f6 26. g6 Rh4 27. Qe2 a3 28. Nb3
axb2 29. Qe1 Rh6 30. Qg1 Bd8 31. Qxb6 Bxb6 32. Rh1 Rxh1+ 33. Bxh1 Nc5 34. Nxc5
1/2-1/2

[Event "XVI. DBMM Schach"]
[Site "Dresden"]
[Date "2016.11.03"]
[Round "2.2"]
[White "Neander, Swen"]
[Black "Meseck, Michael"]
[Result "1-0"]
[WhiteElo "1992"]
[BlackElo "1529"]
[Annotator "br"]
[PlyCount "81"]
[EventDate "2016.11.??"]
[SourceTitle "XVI. DBMM 2016"]
[Source "FV Schach e.V."]
[SourceDate "2017.06.14"]
[SourceVersion "1"]
[SourceVersionDate "2017.06.14"]
[SourceQuality "1"]
[WhiteTeam "RAPID Unilever Hamburg"]
[BlackTeam "BA Tempelhof Berlin III"]
[WhiteTeamCountry "GER"]
[BlackTeamCountry "GER"]

1. d4 d5 2. Bf4 Nf6 3. e3 e6 4. Nf3 c5 5. c3 Nc6 6. Nbd2 a6 7. Bd3 b5 8. Ne5
Bb7 9. Qf3 c4 10. Bc2 Be7 11. h4 b4 12. Nxc6 Bxc6 13. O-O Qb6 14. e4 dxe4 15.
Nxe4 Nxe4 16. Bxe4 Bxe4 17. Qxe4 O-O 18. Bd2 a5 19. Rfe1 Bd6 20. f4 Rae8 21.
Kh2 Qc7 22. g3 Re7 23. Rac1 Rfe8 24. Re2 b3 25. axb3 cxb3 26. c4 Qd8 27. c5 Bc7
28. Ra1 Qa8 29. Qxa8 Rxa8 30. d5 Bd8 31. d6 Rea7 32. c6 a4 33. Bb4 Rc8 34. Rc1
Bb6 35. Ba3 h6 36. Re4 g6 37. c7 Bxc7 38. Rec4 Kg7 39. Rxc7 Raxc7 40. Rxc7 Rb8
41. d7 1-0

[Event "XVI. DBMM Schach"]
[Site "Dresden"]
[Date "2016.11.03"]
[Round "2.3"]
[White "Frahm, Werner"]
[Black "Kolipost, Mirko"]
[Result "0-1"]
[WhiteElo "1568"]
[BlackElo "1694"]
[Annotator "br"]
[PlyCount "86"]
[EventDate "2016.11.??"]
[SourceTitle "XVI. DBMM 2016"]
[Source "FV Schach e.V."]
[SourceDate "2017.06.14"]
[SourceVersion "1"]
[SourceVersionDate "2017.06.14"]
[SourceQuality "1"]
[WhiteTeam "BA Tempelhof Berlin III"]
[BlackTeam "RAPID Unilever Hamburg"]
[WhiteTeamCountry "GER"]
[BlackTeamCountry "GER"]

1. Nf3 d5 2. d4 e6 3. e3 f5 4. Be2 Nf6 5. O-O Bd6 6. c4 c6 7. b3 Nbd7 8. Bb2
Ne4 9. a4 g5 10. Ne5 g4 11. Qc1 h5 12. f3 Ng5 13. f4 Ne4 14. Nd2 Ndf6 15. Nxe4
Nxe4 16. cxd5 exd5 17. Bd3 Rg8 18. Bxe4 dxe4 19. Qc4 Rg7 20. Rad1 Qf6 21. Qc3
Rc7 22. b4 Be6 23. Ba3 O-O-O 24. Nc4 Be7 25. Ne5 $11 Bd6 26. Nc4 Bxc4 27. Qxc4
Qf7 28. Rc1 a6 29. Qxf7 Rxf7 30. Rc4 Rc7 31. Rfc1 Kd7 32. R4c3 Rdc8 33. Kf2 h4
34. g3 hxg3+ 35. Kxg3 Rh8 36. Rc4 Rh3+ 37. Kg2 Rxe3 38. R1c3 Bxf4 39. Rxe3 Bxe3
40. Kg3 Ke6 41. b5 axb5 42. axb5 f4+ 43. Kg2 Kd5 0-1

[Event "XVI. DBMM Schach"]
[Site "Dresden"]
[Date "2016.11.03"]
[Round "2.4"]
[White "Kazemi Sresht, Rashid"]
[Black "Wolf, Wilfried"]
[Result "1-0"]
[WhiteElo "1743"]
[BlackElo "1584"]
[Annotator "br"]
[PlyCount "111"]
[EventDate "2016.11.??"]
[SourceTitle "XVI. DBMM 2016"]
[Source "FV Schach e.V."]
[SourceDate "2017.06.14"]
[SourceVersion "1"]
[SourceVersionDate "2017.06.14"]
[SourceQuality "1"]
[WhiteTeam "RAPID Unilever Hamburg"]
[BlackTeam "BA Tempelhof Berlin III"]
[WhiteTeamCountry "GER"]
[BlackTeamCountry "GER"]

1. e4 e5 2. Nf3 Nc6 3. d4 exd4 4. Nxd4 Nxd4 5. Qxd4 d6 6. Bc4 Nf6 7. O-O Be7 8.
Nc3 O-O 9. h3 a6 10. a4 Bd7 11. Bf4 Bc6 12. Rfe1 Nd7 13. Nd5 Bxd5 14. Qxd5 Nb6
15. Qd3 Nxc4 16. Qxc4 Bf6 17. c3 Re8 18. Rad1 Qc8 19. Bg3 Re7 20. f4 g6 21. e5
dxe5 22. fxe5 Bg7 23. Rd3 Qe6 24. Qxe6 fxe6 25. Red1 g5 26. Rd8+ Rxd8 27. Rxd8+
Kf7 28. Rd3 h6 29. Kf2 Kg6 30. Ke3 Kf5 31. Rd1 Kg6 32. Ke4 Rf7 33. Rd2 Re7 34.
b4 Rf7 35. Rd3 Re7 36. c4 Bf8 37. b5 axb5 38. axb5 b6 39. h4 Rf7 40. hxg5 hxg5
41. Rd8 Kg7 42. Re8 Re7 43. Rd8 Kf7 44. Bf2 Re8 45. Rd2 Re7 46. Rd1 Kg6 47. Be3
Bg7 48. Bxb6 cxb6 49. Rd6 Rb7 50. Rxe6+ Kf7 51. Kd5 Bf8 52. Rc6 Rd7+ 53. Ke4
Bc5 54. e6+ Ke7 55. exd7 Kxd7 56. Rg6 1-0

[Event "XVI. DBMM Schach"]
[Site "Dresden"]
[Date "2016.11.03"]
[Round "2.1"]
[White "Brendemuehl, Bernd"]
[Black "Hartmann, Jens"]
[Result "1-0"]
[WhiteElo "1849"]
[BlackElo "1804"]
[Annotator "br"]
[PlyCount "93"]
[EventDate "2016.11.??"]
[SourceTitle "XVI. DBMM 2016"]
[Source "FV Schach e.V."]
[SourceDate "2017.06.14"]
[SourceVersion "1"]
[SourceVersionDate "2017.06.14"]
[SourceQuality "1"]
[WhiteTeam "Europaeisches Patentamt Muenchen II"]
[BlackTeam "Baubehörde Hamburg II"]
[WhiteTeamCountry "GER"]
[BlackTeamCountry "GER"]

1. e4 e5 2. Nf3 d6 3. d4 exd4 4. Nxd4 Nf6 5. Nc3 Be7 6. Bc4 O-O 7. O-O h6 8. a4
Nbd7 9. Nf5 Ne5 10. Nxe7+ Qxe7 11. Bb3 Be6 12. f4 Ng6 13. Bxe6 fxe6 14. Be3 c6
15. Qe2 a6 16. a5 d5 17. e5 Nd7 18. Na4 c5 19. c3 Rac8 20. Rab1 Qd8 $11 21. Qg4
Qe8 22. g3 Rf5 23. b4 c4 24. Nc5 Nxc5 25. Bxc5 Ne7 26. Bd6 Nc6 27. Qe2 Na7 28.
Qe3 Nb5 29. Bc5 Rc7 30. Rbc1 h5 31. Rc2 Rd7 32. Rg2 Rc7 33. h3 Qc8 34. g4 hxg4
35. hxg4 Rff7 36. Bb6 Rc6 37. g5 g6 38. Rh2 Rg7 39. Rf3 Qd7 40. Rfh3 Rc8 41.
Rh8+ Kf7 42. Rxc8 Qxc8 43. Rh6 Qd7 44. Bc5 Qc6 45. Qh3 Ke8 46. Rh8+ Kd7 47. Qh6
1-0

[Event "XVI. DBMM Schach"]
[Site "Dresden"]
[Date "2016.11.03"]
[Round "2.2"]
[White "Hoffeins, Hans Werner"]
[Black "Bumes, Konrad"]
[Result "0-1"]
[WhiteElo "1441"]
[BlackElo "2050"]
[Annotator "br"]
[PlyCount "58"]
[EventDate "2016.11.??"]
[SourceTitle "XVI. DBMM 2016"]
[Source "FV Schach e.V."]
[SourceDate "2017.06.14"]
[SourceVersion "1"]
[SourceVersionDate "2017.06.14"]
[SourceQuality "1"]
[WhiteTeam "Baubehörde Hamburg II"]
[BlackTeam "Europaeisches Patentamt Muenchen II"]
[WhiteTeamCountry "GER"]
[BlackTeamCountry "GER"]

1. Nf3 d5 2. g3 Nf6 3. Bg2 c5 4. O-O Nc6 5. d3 e5 6. Nbd2 Be7 7. c4 O-O 8. cxd5
Nxd5 9. Nc4 f6 10. a4 Be6 11. Bd2 b6 12. h4 h5 13. Ne1 Qd7 14. Kh2 g6 15. Nf3
Rfb8 16. Ne3 Nxe3 17. fxe3 Rd8 18. Bc3 Rac8 19. Nd2 Qe8 20. Rf2 Kg7 21. Qf1 Nb4
22. Bh3 Bxh3 23. Qxh3 Nc2 24. Rg1 Nxe3 25. Ne4 Ng4+ 26. Kg2 Nxf2 27. Kxf2 Qd7
28. Qg2 c4 29. dxc4 Rxc4 0-1

[Event "XVI. DBMM Schach"]
[Site "Dresden"]
[Date "2016.11.03"]
[Round "2.3"]
[White "Santos, Paulo"]
[Black "Lindemann, Thomas"]
[Result "1-0"]
[WhiteElo "1831"]
[BlackElo "1536"]
[Annotator "br"]
[PlyCount "41"]
[EventDate "2016.11.??"]
[SourceTitle "XVI. DBMM 2016"]
[Source "FV Schach e.V."]
[SourceDate "2017.06.14"]
[SourceVersion "1"]
[SourceVersionDate "2017.06.14"]
[SourceQuality "1"]
[WhiteTeam "Europaeisches Patentamt Muenchen II"]
[BlackTeam "Baubehörde Hamburg II"]
[WhiteTeamCountry "GER"]
[BlackTeamCountry "GER"]

1. e4 Nc6 2. Nc3 e6 3. d4 d5 4. Nf3 Bb4 5. e5 f6 6. exf6 gxf6 7. a3 Ba5 8. Bf4
a6 9. Bd3 Qe7 10. O-O Bxc3 11. bxc3 Qg7 12. Re1 Nh6 13. c4 O-O 14. cxd5 exd5
15. Qd2 Bh3 16. Bg3 Bg4 17. Qf4 Rf7 18. c4 Bxf3 19. Qxf3 Nxd4 20. Qxd5 Nc2 21.
Bxc2 1-0

[Event "XVI. DBMM Schach"]
[Site "Dresden"]
[Date "2016.11.04"]
[Round "3.1"]
[White "Limbourg, Philipp"]
[Black "Maiwald, Jens Uwe"]
[Result "0-1"]
[WhiteElo "2206"]
[BlackElo "2448"]
[Annotator "rgv"]
[PlyCount "80"]
[EventDate "2016.11.??"]
[SourceTitle "XVI. DBMM 2016"]
[Source "FV Schach e.V."]
[SourceDate "2017.06.14"]
[SourceVersion "1"]
[SourceVersionDate "2017.06.14"]
[SourceQuality "1"]
[WhiteTeam "RWE Essen"]
[BlackTeam "UKA GmbH Meissen"]
[WhiteTeamCountry "GER"]
[BlackTeamCountry "GER"]

1. e4 c5 2. Nc3 a6 3. f4 e6 4. Nf3 b5 5. d3 Bb7 6. g4 b4 7. Ne2 d5 8. e5 Nc6 9.
Bg2 h5 10. g5 h4 11. O-O Nge7 12. Qe1 Nf5 13. Bh3 d4 14. Bxf5 exf5 15. Nxh4 g6
16. Nf3 Qd5 17. Bd2 {(=)} c4 18. dxc4 Qxc4 19. c3 dxc3 20. bxc3 Bc5+ 21. Kg2
O-O-O 22. cxb4 Nxe5 23. Neg1 Nd3 24. Qg3 Nxb4 25. Bxb4 Qxb4 26. h4 Rd3 27. Rab1
Qa3 28. Qe1 Rhd8 29. Qe5 R3d5 30. Qe1 Rd2+ 31. Kg3 Bxg1 32. Rb3 Bh2+ 33. Nxh2
Rg2+ 34. Kh3 Rxh2+ 35. Kg3 Rg2+ 36. Kh3 Rd3+ 37. Rf3 Rxf3+ 38. Kxg2 Rxb3+ 39.
Kf1 Rf3+ 40. Kg1 Qc5+ 0-1

[Event "XVI. DBMM Schach"]
[Site "Dresden"]
[Date "2016.11.04"]
[Round "3.2"]
[White "Loxine, Jakov"]
[Black "Eggenstein, Frank"]
[Result "1-0"]
[WhiteElo "2409"]
[BlackElo "2032"]
[Annotator "rgv"]
[PlyCount "83"]
[EventDate "2016.11.??"]
[SourceTitle "XVI. DBMM 2016"]
[Source "FV Schach e.V."]
[SourceDate "2017.06.14"]
[SourceVersion "1"]
[SourceVersionDate "2017.06.14"]
[SourceQuality "1"]
[WhiteTeam "UKA GmbH Meissen"]
[BlackTeam "RWE Essen"]
[WhiteTeamCountry "GER"]
[BlackTeamCountry "GER"]

1. Nf3 Nf6 2. c4 g6 3. Nc3 Bg7 4. e4 d6 5. d4 O-O 6. h3 e5 7. d5 Na6 8. Bg5 Qe8
9. g4 Nd7 10. Rg1 Kh8 11. Be2 Ndc5 12. Be3 Qe7 13. g5 Bd7 14. a3 Qe8 15. b3 Nb8
16. h4 a5 17. Nd2 Nba6 18. Qc2 c6 19. Rb1 Nc7 20. b4 axb4 21. axb4 N5a6 22. c5
Nb5 23. Nxb5 cxb5 24. Qc3 Rc8 25. Qa3 Ra8 26. Qc3 Rc8 27. Nb3 Rg8 28. Na5 Rc7
29. Nxb7 Rxb7 30. c6 Rc7 31. Bxb5 Bc8 32. Bxa6 Bxa6 33. b5 Bxb5 34. Rxb5 f5 35.
Qb4 Qe7 36. Ke2 fxe4 37. Ra1 Rf8 38. Rb8 Kg8 39. Raa8 Qf7 40. Qxe4 Kh8 41.
Rxf8+ Bxf8 42. Bb6 1-0

[Event "XVI. DBMM Schach"]
[Site "Dresden"]
[Date "2016.11.04"]
[Round "3.3"]
[White "Broszeit, Peter"]
[Black "Hoffmann, Paul"]
[Result "0-1"]
[WhiteElo "1970"]
[BlackElo "2372"]
[Annotator "rgv"]
[PlyCount "46"]
[EventDate "2016.11.??"]
[SourceTitle "XVI. DBMM 2016"]
[Source "FV Schach e.V."]
[SourceDate "2017.06.14"]
[SourceVersion "1"]
[SourceVersionDate "2017.06.14"]
[SourceQuality "1"]
[WhiteTeam "RWE Essen"]
[BlackTeam "UKA GmbH Meissen"]
[WhiteTeamCountry "GER"]
[BlackTeamCountry "GER"]

1. e4 c5 2. Nf3 d6 3. Bb5+ Bd7 4. Bxd7+ Qxd7 5. O-O Nc6 6. c3 Nf6 7. d4 Nxe4 8.
d5 Ne5 9. Re1 Nf6 10. Nxe5 dxe5 11. Rxe5 O-O-O 12. c4 e6 13. Nc3 Bd6 14. Bf4
exd5 15. Nb5 Bb8 16. Qf3 a6 17. a4 Bxe5 18. Bxe5 Qe6 19. Na7+ Kd7 20. Re1 Rhe8
21. cxd5 Qxd5 22. Rd1 Rxe5 23. g3 Re1+ 0-1

[Event "XVI. DBMM Schach"]
[Site "Dresden"]
[Date "2016.11.04"]
[Round "3.4"]
[White "Foerschner, Lucas"]
[Black "Broksch, Dirk"]
[Result "1-0"]
[WhiteElo "1982"]
[BlackElo "1902"]
[Annotator "rgv"]
[PlyCount "73"]
[EventDate "2016.11.??"]
[SourceTitle "XVI. DBMM 2016"]
[Source "FV Schach e.V."]
[SourceDate "2017.06.14"]
[SourceVersion "1"]
[SourceVersionDate "2017.06.14"]
[SourceQuality "1"]
[WhiteTeam "UKA GmbH Meissen"]
[BlackTeam "RWE Essen"]
[WhiteTeamCountry "GER"]
[BlackTeamCountry "GER"]

1. e4 c5 2. Nf3 e6 3. d4 cxd4 4. Nxd4 a6 5. Nc3 d6 6. Be2 Nf6 7. O-O Be7 8. f4
Qc7 9. Be3 O-O 10. a4 b6 11. Bf3 Bb7 12. f5 e5 13. Nb3 Nbd7 14. g4 Nc5 15. Nxc5
dxc5 16. g5 Rfd8 17. Qe1 Ne8 18. Qg3 Kh8 19. Qh3 Bf8 20. Nd5 Bxd5 21. exd5 Rab8
22. f6 g6 23. Bf2 Qd7 24. Qh4 Nd6 25. Bg4 Nf5 26. Qh3 Qxd5 27. Bxf5 gxf5 28.
Qxf5 e4 29. Qg4 Qd2 {(=)} 30. Ra3 Rd5 31. Be3 Qxc2 32. Bf4 Re8 33. Re3 c4 34.
Qh5 Bc5 35. Qxf7 Rg8 36. Qxd5 Qxb2 37. f7 1-0

[Event "XVI. DBMM Schach"]
[Site "Dresden"]
[Date "2016.11.04"]
[Round "3.1"]
[White "Schramm, Christian"]
[Black "Hoffmann, Hendrik"]
[Result "1/2-1/2"]
[WhiteElo "2390"]
[BlackElo "2266"]
[Annotator "rgv"]
[PlyCount "20"]
[EventDate "2016.11.??"]
[SourceTitle "XVI. DBMM 2016"]
[Source "FV Schach e.V."]
[SourceDate "2017.06.14"]
[SourceVersion "1"]
[SourceVersionDate "2017.06.14"]
[SourceQuality "1"]
[WhiteTeam "AGI Frankfurt"]
[BlackTeam "le-tex Publishing Services Leipzig"]
[WhiteTeamCountry "GER"]
[BlackTeamCountry "GER"]

1. e4 d6 2. d4 Nf6 3. Nc3 g6 4. Bg5 Bg7 5. Qd2 O-O 6. f3 c6 7. g4 b5 8. a3 d5
9. e5 Ne8 10. h4 f6 {(=)} 1/2-1/2

[Event "XVI. DBMM Schach"]
[Site "Dresden"]
[Date "2016.11.04"]
[Round "3.2"]
[White "Heinrich, Thomas"]
[Black "Rietze, Clemens"]
[Result "0-1"]
[WhiteElo "2224"]
[BlackElo "2359"]
[Annotator "rgv"]
[PlyCount "48"]
[EventDate "2016.11.??"]
[SourceTitle "XVI. DBMM 2016"]
[Source "FV Schach e.V."]
[SourceDate "2017.06.14"]
[SourceVersion "1"]
[SourceVersionDate "2017.06.14"]
[SourceQuality "1"]
[WhiteTeam "le-tex Publishing Services Leipzig"]
[BlackTeam "AGI Frankfurt"]
[WhiteTeamCountry "GER"]
[BlackTeamCountry "GER"]

1. d4 Nf6 2. Nf3 g6 3. Bf4 d5 4. e3 Bg7 5. Be2 O-O 6. O-O c5 7. c3 Nc6 8. h3
Nd7 9. Nbd2 Re8 10. Qb3 e6 11. Rad1 b6 12. Rfe1 Bb7 13. Qa3 Bf8 14. Ba6 cxd4
15. b4 Bxa6 16. Qxa6 dxc3 17. Nb3 Nxb4 18. Qe2 Nc5 19. Be5 Ne4 20. Rc1 Rc8 21.
a3 Nc6 22. Bxc3 Bxa3 23. Bb2 Bxb2 24. Qxb2 Qf6 0-1

[Event "XVI. DBMM Schach"]
[Site "Dresden"]
[Date "2016.11.04"]
[Round "3.3"]
[White "Guth, Thomas"]
[Black "Rohne, Lars"]
[Result "1/2-1/2"]
[WhiteElo "2301"]
[BlackElo "2152"]
[Annotator "rgv"]
[PlyCount "94"]
[EventDate "2016.11.??"]
[SourceTitle "XVI. DBMM 2016"]
[Source "FV Schach e.V."]
[SourceDate "2017.06.14"]
[SourceVersion "1"]
[SourceVersionDate "2017.06.14"]
[SourceQuality "1"]
[WhiteTeam "AGI Frankfurt"]
[BlackTeam "le-tex Publishing Services Leipzig"]
[WhiteTeamCountry "GER"]
[BlackTeamCountry "GER"]

1. e4 g6 2. Nc3 d6 3. d4 Bg7 4. Bc4 e6 5. Bb3 Ne7 6. Be3 a6 7. h4 Nd7 8. h5 c5
9. a4 Nc6 10. Nge2 b6 11. d5 exd5 12. Bxd5 Bb7 13. Bxc6 Bxc6 14. Qxd6 Ne5 15.
Qxd8+ Rxd8 16. Bg5 f6 17. h6 fxg5 18. hxg7 Rg8 19. Rxh7 Kf7 20. Rd1 Rxd1+ 21.
Kxd1 Ng4 22. f3 Ne3+ 23. Kd2 Nxg2 24. Rh8 b5 25. axb5 axb5 26. Nd5 Bxd5 27.
exd5 Kxg7 28. Rxg8+ Kxg8 29. Nc3 Nh4 30. Ke2 b4 31. Ne4 c4 32. c3 bxc3 33. bxc3
Ng2 34. d6 Kf7 35. Nxg5+ Ke8 36. Ne4 Kd7 37. Kf2 Nh4 38. Nd2 Kxd6 39. Nxc4+ Kc5
40. Ne3 g5 41. Ke2 Kb5 42. Kf2 Kc5 43. Kg3 Ng6 44. Nd1 Kc4 45. Nf2 Ne5 46. Ne4
Kd3 47. Nxg5 Nxf3 1/2-1/2

[Event "XVI. DBMM Schach"]
[Site "Dresden"]
[Date "2016.11.04"]
[Round "3.4"]
[White "Hartmann, Uwe"]
[Black "Buescher, Henrik"]
[Result "1/2-1/2"]
[WhiteElo "1964"]
[BlackElo "2112"]
[Annotator "rgv"]
[PlyCount "40"]
[EventDate "2016.11.??"]
[SourceTitle "XVI. DBMM 2016"]
[Source "FV Schach e.V."]
[SourceDate "2017.06.14"]
[SourceVersion "1"]
[SourceVersionDate "2017.06.14"]
[SourceQuality "1"]
[WhiteTeam "le-tex Publishing Services Leipzig"]
[BlackTeam "AGI Frankfurt"]
[WhiteTeamCountry "GER"]
[BlackTeamCountry "GER"]

1. e4 c6 2. d4 d5 3. Nd2 dxe4 4. Nxe4 Nf6 5. Nxf6+ gxf6 6. Nf3 Bf5 7. Bd3 e6 8.
Bxf5 Qa5+ 9. Bd2 Qxf5 10. a3 h5 11. Be3 Nd7 12. Qd2 Nb6 13. O-O-O O-O-O 14. Qd3
Qd5 15. Kb1 h4 16. h3 Nc4 17. Rhg1 Qb5 18. Qb3 Rd5 19. Nd2 Nxd2+ 20. Rxd2 Qxb3
1/2-1/2

[Event "XVI. DBMM Schach"]
[Site "Dresden"]
[Date "2016.11.04"]
[Round "3.1"]
[White "Hohlfeld, Wolfgang"]
[Black "Kleeschaetzky, Rainer"]
[Result "1/2-1/2"]
[WhiteElo "2102"]
[BlackElo "2321"]
[Annotator "rgv"]
[PlyCount "74"]
[EventDate "2016.11.??"]
[SourceTitle "XVI. DBMM 2016"]
[Source "FV Schach e.V."]
[SourceDate "2017.06.14"]
[SourceVersion "1"]
[SourceVersionDate "2017.06.14"]
[SourceQuality "1"]
[WhiteTeam "Baubehoerde Hamburg"]
[BlackTeam "Deutsche Bahn/BSW Berlin"]
[WhiteTeamCountry "GER"]
[BlackTeamCountry "GER"]

1. e4 e6 2. d4 d5 3. e5 c5 4. c3 Nc6 5. Nf3 Qb6 6. Bd3 cxd4 7. cxd4 Bd7 8. Nc3
Nxd4 9. Nxd4 Qxd4 10. O-O a6 11. Qe2 Qb6 12. Kh1 Ne7 13. f4 g6 14. Be3 Qd8 15.
Qf2 Nf5 16. Bxf5 gxf5 17. Rac1 Rc8 18. Bb6 Qe7 19. a3 Rc4 20. Ne2 Bc6 21. Nd4
Qd7 22. Qg3 h5 23. Qf3 Rxc1 24. Rxc1 Be7 25. Qd3 h4 26. Nxc6 bxc6 27. Qxa6 O-O
28. Bc5 Rb8 29. b4 Bxc5 30. Rxc5 d4 31. Rxc6 d3 32. Rd6 Qc7 33. Qxd3 Qc1+ 34.
Qd1 Qxf4 35. Rd4 Qxe5 36. Rxh4 Rc8 37. Rd4 Qe3 1/2-1/2

[Event "XVI. DBMM Schach"]
[Site "Dresden"]
[Date "2016.11.04"]
[Round "3.2"]
[White "Woschech, Andreas"]
[Black "Hein, Ralf"]
[Result "1/2-1/2"]
[WhiteElo "2197"]
[BlackElo "2047"]
[Annotator "rgv"]
[PlyCount "54"]
[EventDate "2016.11.??"]
[SourceTitle "XVI. DBMM 2016"]
[Source "FV Schach e.V."]
[SourceDate "2017.06.14"]
[SourceVersion "1"]
[SourceVersionDate "2017.06.14"]
[SourceQuality "1"]
[WhiteTeam "Deutsche Bahn/BSW Berlin"]
[BlackTeam "Baubehoerde Hamburg"]
[WhiteTeamCountry "GER"]
[BlackTeamCountry "GER"]

1. d4 d5 2. Nf3 Nf6 3. Bf4 e6 4. e3 Bd6 5. Nbd2 O-O 6. Ne5 c5 7. c3 Nc6 8. Bd3
Qc7 9. Ndf3 Ne4 10. Nxc6 Bxf4 11. exf4 bxc6 12. g3 cxd4 13. cxd4 Qa5+ 14. Kf1
Ba6 15. Kg2 Bxd3 16. Qxd3 c5 17. Ne5 c4 18. Nxc4 Qb5 19. b3 dxc4 20. Qxe4 cxb3
21. axb3 Qxb3 22. Ra5 Qb6 23. Rha1 Rad8 24. R1a4 Rd7 25. Ra6 Qb8 26. f5 exf5
27. Qxf5 Rxd4 1/2-1/2